000
00411nam a2200133Ia 4500
008
191206s9999 xx 000 0 und d
020
_a
779220049
090
_a
PR93909V47
245
0
_a
Sign and Taboo: Perspectives on the poetic fiction of Yvonne Vera
260
_a
Weaver Press
260
_c
c2002
300
_a
"xvi, 236 p. ; 21 cm."
999
_c
16902
_d
16902